| 000 | 01239nam a2200325 a 4500 | ||
|---|---|---|---|
| 001 | ebr10151261 | ||
| 003 | CaPaEBR | ||
| 006 | m u | ||
| 007 | cr cn||||||||| | ||
| 008 | 011026s2002 mnu s 001 0 eng | ||
| 020 | _z0816633657 (HC : alk. paper) | ||
| 020 | _z0816633665 (PC : alk. paper) | ||
| 040 |
_aCaPaEBR _cCaPaEBR |
||
| 035 | _a(OCoLC)133169343 | ||
| 043 | _aa-ii--- | ||
| 050 | 1 | 4 |
_aDS480.84 _b.R79 2002eb |
| 082 | 0 | 4 |
_a302/.17 _221 |
| 100 | 0 | _aRukmini Bhaya Nair. | |
| 245 | 1 | 0 |
_aLying on the postcolonial couch _h[electronic resource] : _bthe idea of difference / _cRukmini Bhaya Nair. |
| 260 |
_aMinneapolis : _bUniversity of Minnesota Press, _c2002. |
||
| 300 | _axxxi, 308 p. | ||
| 500 | _aIncludes index. | ||
| 533 |
_aElectronic reproduction. _bPalo Alto, Calif. : _cebrary, _d2013. _nAvailable via World Wide Web. _nAccess may be limited to ebrary affiliated libraries. |
||
| 650 | 0 |
_aApathy _zIndia. |
|
| 650 | 0 |
_aPostcolonialism _zIndia. |
|
| 651 | 0 |
_aIndia _xPolitics and government _y1947- |
|
| 655 | 7 |
_aElectronic books. _2local |
|
| 710 | 2 | _aebrary, Inc. | |
| 856 | 4 | 0 |
_uhttp://site.ebrary.com/lib/rucke/Doc?id=10151261 _zAn electronic book accessible through the World Wide Web; click to view |
| 999 |
_c95183 _d95183 |
||